| LEADER 01174nam 2200277 a 4500 |
| 001 12334104274 |
| 003 ULIB |
| 008 030417s2550 th a sb 001 0 tha |
| 020 ^a978-974-466-255-2
|
| 060 04 ^aWF980^bต367 2550
|
| 245 10 ^aตำราพื้นฐานศัลยศาสตร์ทรวงอก =Fundamentals of general thoracic surgery /^cบรรณาธิการ ชัยสิทธิ์ ศรี สมบูรณ์
|
| 250 ^aพิมพ์ครั้งที่ 1
|
| 260 ^aกรุงเทพฯ :^bกรุงเทพเวชสาร,^c2550
|
| 300 ^a251 หน้า :^bภาพประกอบ
|
| 650 7 ^aศัลยกรรมทรวงอก
|
| 650 7 ^aทรวงอก^xโรค^xการรักษา
|
| 650 7 ^aทรวงอก, โรค^xการรักษา
|
| 700 0 ^aชัยสิทธิ์ ศรีสมบูรณ์,^eบรรณาธิการ
|
| 913 ^aImported by ULIBM Administrator
|
| 949 ^aImport form external file by ULIBM system
|
| 999 ^aอรทัย, สุณิสา ตรวจสอบและแก้ไข 26 พย.56
|